000 00639cam a2200193 4500
001 ABS62339
008 000000n2000 000 0 eng u
035 _a(Sirsi) u106304
245 _aFocus 2000: IT trends
260 _c2000
490 _aEstates Gazette
_v(0019) 13 May 2000, 103-115(6)
520 _aFeature on cable technology and the importance of developers keeping abreast of occupiers needs. Case study on how IT is transforming three property firms.
590 _aABS
650 _aCABLING
650 _aINTERNET
650 _aWEBSITES
690 _aMANAGEMENT-BUSINESS MANAGEMENT-INFORMATION MANAGEMENT
942 _n0
999 _c63664
_d63664